Duomo di Udine (Il) (Record n. 90482)
[ formato base ]
| 000 -LEADER | |
|---|---|
| fixed length control field | 01673nam a2200289Ia 4500 |
| 001 - CONTROL NUMBER | |
| control field | H8941 |
| 003 - CONTROL NUMBER IDENTIFIER | |
| control field | IT-RoPAU |
| 008 - FIXED-LENGTH DATA ELEMENTS--GENERAL INFORMATION | |
| fixed length control field | 130308s9999 xx 000 0 und d |
| 040 ## - CATALOGING SOURCE | |
| Original cataloging agency | IT-RoPAU |
| 040 ## - CATALOGING SOURCE | |
| Transcribing agency | IT-RoPAU |
| 041 ## - LANGUAGE CODE | |
| Language code of text/sound track or separate title | ITALIANO |
| 100 ## - MAIN ENTRY--PERSONAL NAME | |
| Personal name | Someda De Marco Carlo |
| 100 ## - MAIN ENTRY--PERSONAL NAME | |
| Miscellaneous information | Codice Aut. SPICS: 59565 |
| 245 ## - TITLE STATEMENT | |
| Title | Duomo di Udine (Il) |
| 245 ## - TITLE STATEMENT | |
| Remainder of title | Duomo di Udine (Il) |
| 250 ## - EDITION STATEMENT | |
| Edition statement | 1a ed. |
| 260 ## - PUBLICATION, DISTRIBUTION, ETC. (IMPRINT) | |
| Place of publication, distribution, etc. | UDINE |
| 260 ## - PUBLICATION, DISTRIBUTION, ETC. (IMPRINT) | |
| Name of publisher, distributor, etc. | Arti Grafiche Friulane |
| 260 ## - PUBLICATION, DISTRIBUTION, ETC. (IMPRINT) | |
| Date of publication, distribution, etc. | 1970 [1° Ed.:1970 - Ed.Ling.Originale:1970] |
| 300 ## - PHYSICAL DESCRIPTION | |
| Extent | "500 p. (prefazione: no ; testo: 500 [pagine: 0-0])" |
| 500 ## - GENERAL NOTE | |
| General note | Profilo di Carlo Someda De Marco. Cronologia. Dalle Origini fino al Principio Secolo Xiv. vicende Costruzione Duomo e Suoi Altari secoli Xiv, Xv, Xvi, Xvii. Modifiche Facciata e restauri Muri Esterni. Portali Redenzione e Incoronazione. Porte Laterali d'ingresso e Atri. Battistero Patriarca Bertrando, Campanile e Campane. Arca Beato Bertrando. riforma Settecentesca interno Duomo. Cappella S. Marco. Cappella San Giuseppe. Cappella delle Reliquie.Cappella Madonna della Divina Provvidenza. Cappella della Trinità. Cappella Santi Ermacora e Fortunato. Cappella Santi Giovanni ed Eustachio. Cappella del Santissimo. monumenti nell'Aula. Organi. Presbiterio. Coro. tombe. Sacrestia. coro Jemale. Cappella Corporis Cristi. Cappella S. Nicolo'. Dipinti, sculture e Arredi Negli Ambienti superiori Sacrestia. Opere Concesse Indeposito. Argenterie e Preziosi. Paramenti. Altari e Altaroli Ricordati nel Tempo. Bibliografia Generale. |
| 650 ## - SUBJECT ADDED ENTRY--TOPICAL TERM | |
| Topical term or geographic name as entry element | STORIA DELLE ARTI VISIVE |
| 650 ## - SUBJECT ADDED ENTRY--TOPICAL TERM | |
| Relator term | Codice materia Spics: 5008 |
| 942 ## - ADDED ENTRY ELEMENTS (KOHA) | |
| Koha item type | LIBRO |
| 957 ## - | |
| -- | 1 |
| 999 ## - SYSTEM CONTROL NUMBERS (KOHA) | |
| -- | 1 |
| Withdrawn status | Lost status | Damaged status | Not for loan | Home library | Current library | Date acquired | Total Checkouts | Full call number | Date last seen | Price effective from | Koha item type | Public note |
|---|---|---|---|---|---|---|---|---|---|---|---|---|
| Buone Condizioni | Not For Loan | SPICS-MEDIATECA | SPICS-MEDIATECA | 08/03/2013 | H8941 | 08/03/2013 | 08/03/2013 | LIBRO | Progressivo inserimento: 21602 / N. Volumi: 1 Copie: 1 / data import: 1 marzo 2013 - By Epidotti, Trombetti, Vaglietti. |